| 000 -LEADER |
| fixed length control field |
02745nam a22006617a 4500 |
| 001 - CONTROL NUMBER |
| control field |
8331687 |
| 003 - CONTROL NUMBER IDENTIFIER |
| control field |
LIBRIS |
| 005 - DATE AND TIME OF LATEST TRANSACTION |
| control field |
20210426083421.0 |
| 008 - FIXED-LENGTH DATA ELEMENTS--GENERAL INFORMATION |
| fixed length control field |
020113s1998 xxk|||||||||||000 0|eng|c |
| 020 ## - INTERNATIONAL STANDARD BOOK NUMBER |
| International Standard Book Number |
1860465153 |
| 040 ## - CATALOGING SOURCE |
| Original cataloging agency |
U |
| Description conventions |
a |
| Language of cataloging |
eng |
| Transcribing agency |
DLC |
| 041 1# - LANGUAGE CODE |
| Language code of text/sound track or separate title |
eng |
| Language code of original |
fre |
| 080 ## - UNIVERSAL DECIMAL CLASSIFICATION NUMBER |
| Universal Decimal Classification number |
92 |
| Item number |
Z-40 |
| 082 #4 - DEWEY DECIMAL CLASSIFICATION NUMBER |
| Classification number |
947.084092 |
| Edition number |
21 |
| 082 #4 - DEWEY DECIMAL CLASSIFICATION NUMBER |
| Classification number |
947.084092 |
| Edition number |
21 |
| 084 ## - OTHER CLASSIFICATION NUMBER |
| Classification number |
Kt-ma.5 |
| Number source |
kssb/6 |
| 084 ## - OTHER CLASSIFICATION NUMBER |
| Classification number |
Lz Lenin, Vladimir |
| Number source |
kssb/6 |
| 084 ## - OTHER CLASSIFICATION NUMBER |
| Classification number |
Kt-ma.5 |
| Number source |
kssb/6 |
| 084 ## - OTHER CLASSIFICATION NUMBER |
| Classification number |
Lz Lenin, Vladimir Ilc |
| Number source |
kssb/6 |
| 084 ## - OTHER CLASSIFICATION NUMBER |
| Classification number |
Kt-ma.5 |
| Number source |
kssb/6 |
| 084 ## - OTHER CLASSIFICATION NUMBER |
| Classification number |
Lz Lenin, Vladimir |
| Number source |
kssb/6 |
| 100 1# - MAIN ENTRY--PERSONAL NAME |
| Personal name |
Zbarskij, Ilja B. |
| 245 00 - TITLE STATEMENT |
| Title |
Lenin's embalmers / |
| Statement of responsibility, etc. |
Ilya Zbarsky & Samuel Hutchinson ; translated from the French by Barbara Bray. |
| Remainder of title |
/ by: The Harvill Press |
| 264 #1 - PRODUCTION, PUBLICATION, DISTRIBUTION, MANUFACTURE, AND COPYRIGHT NOTICE |
| Place of production, publication, distribution, manufacture |
London |
| Name of producer, publisher, distributor, manufacturer |
The Harvill Press |
| Date of production, publication, distribution, manufacture, or copyright notice |
1998 |
| 300 ## - PHYSICAL DESCRIPTION |
| Extent |
215 p. |
| Other physical details |
ill. |
| 365 ## - TRADE PRICE |
| Price amount |
20 usd |
| 600 14 - SUBJECT ADDED ENTRY--PERSONAL NAME |
| Personal name |
Zbarskii, I. B. |
| 600 14 - SUBJECT ADDED ENTRY--PERSONAL NAME |
| Personal name |
Lenin, Vladimir Ilic, |
| Dates associated with a name |
1870-1924 |
| Authority record control number or standard number |
https://libris.kb.se/86lnph8s2bkzgxz#it |
| 600 14 - SUBJECT ADDED ENTRY--PERSONAL NAME |
| Personal name |
Lenin, Vladimir |
| 650 #7 - SUBJECT ADDED ENTRY--TOPICAL TERM |
| Topical term or geographic name entry element |
Gravar |
| Authority record control number or standard number |
https://id.kb.se/term/sao/Gravar |
| Source of heading or term |
sao |
| 650 #0 - SUBJECT ADDED ENTRY--TOPICAL TERM |
| Topical term or geographic name entry element |
Biography |
| 9 (RLIN) |
237 |
| 650 #7 - SUBJECT ADDED ENTRY--TOPICAL TERM |
| Topical term or geographic name entry element |
Balsamering |
| Authority record control number or standard number |
https://id.kb.se/term/sao/Balsamering |
| Source of heading or term |
sao |
| 650 #7 - SUBJECT ADDED ENTRY--TOPICAL TERM |
| Topical term or geographic name entry element |
Biochemists |
| General subdivision |
Biography |
| Geographic subdivision |
Russia |
| Source of heading or term |
BNB |
| 650 #0 - SUBJECT ADDED ENTRY--TOPICAL TERM |
| Topical term or geographic name entry element |
Embalming |
| 650 #0 - SUBJECT ADDED ENTRY--TOPICAL TERM |
| Topical term or geographic name entry element |
Tombs |
| 650 #4 - SUBJECT ADDED ENTRY--TOPICAL TERM |
| Topical term or geographic name entry element |
Balsamering |
| General subdivision |
Kulturhistoria |
| 650 #4 - SUBJECT ADDED ENTRY--TOPICAL TERM |
| Topical term or geographic name entry element |
Balsamering |
| 653 ## - INDEX TERM--UNCONTROLLED |
| Uncontrolled term |
ბიოგრაფია |
| 700 1# - ADDED ENTRY--PERSONAL NAME |
| Personal name |
Hutchinson, Samuel |
| 700 ## - ADDED ENTRY--PERSONAL NAME |
| Personal name |
Bray, Barbara |
| 9 (RLIN) |
829 |
| Relator term |
Translator |
| 887 ## - NON-MARC INFORMATION FIELD |
| Content of non-MARC field |
{"@id":"k2vrtg9w252vzjc","modified":"2018-10-30T23:00:00+01:00","checksum":"65020454046"} |
| Source of data |
librisxl |
| 887 ## - NON-MARC INFORMATION FIELD |
| Content of non-MARC field |
{"@id":"chnbxx8j3rjmwg9","modified":"2018-06-05T18:34:09.99+02:00","checksum":"28748565042"} |
| Source of data |
librisxl |
| 887 ## - NON-MARC INFORMATION FIELD |
| Content of non-MARC field |
{"@id":"djpczz9k4v0jzrk","modified":"2018-06-05T18:34:09.993+02:00","checksum":"37922551994"} |
| Source of data |
librisxl |
| 900 1s - EQUIVALENCE OR CROSS-REFERENCE-PERSONAL NAME [LOCAL, CANADA] |
| Linkage |
600 |
| Dates associated with a name |
1870-1924 |
| Affiliation |
Lenin, Vladimir Ilic, |
| Dates associated with a name |
1870-1924 |
| 900 1s - EQUIVALENCE OR CROSS-REFERENCE-PERSONAL NAME [LOCAL, CANADA] |
| Linkage |
600 |
| Dates associated with a name |
1870-1924 |
| Affiliation |
Lenin, Vladimir Ilic, |
| Dates associated with a name |
1870-1924 |
| 900 1s - EQUIVALENCE OR CROSS-REFERENCE-PERSONAL NAME [LOCAL, CANADA] |
| Linkage |
600 |
| Dates associated with a name |
1870-1924 |
| Affiliation |
Lenin, Vladimir Ilic, |
| Dates associated with a name |
1870-1924 |
| 900 1s - EQUIVALENCE OR CROSS-REFERENCE-PERSONAL NAME [LOCAL, CANADA] |
| Linkage |
600 |
| Dates associated with a name |
1870-1924 |
| Affiliation |
Lenin, Vladimir Ilic, |
| Dates associated with a name |
1870-1924 |
| 900 1s - EQUIVALENCE OR CROSS-REFERENCE-PERSONAL NAME [LOCAL, CANADA] |
| Linkage |
600 |
| Dates associated with a name |
1870-1924 |
| Affiliation |
Lenin, Vladimir Ilic, |
| Dates associated with a name |
1870-1924 |
| 900 1s - EQUIVALENCE OR CROSS-REFERENCE-PERSONAL NAME [LOCAL, CANADA] |
| Linkage |
600 |
| Dates associated with a name |
1870-1924 |
| Affiliation |
Lenin, Vladimir Ilic, |
| Dates associated with a name |
1870-1924 |
| 900 1s - EQUIVALENCE OR CROSS-REFERENCE-PERSONAL NAME [LOCAL, CANADA] |
| Linkage |
600 |
| Dates associated with a name |
1870-1924 |
| Affiliation |
Lenin, Vladimir Ilic, |
| Dates associated with a name |
1870-1924 |
| 900 1s - EQUIVALENCE OR CROSS-REFERENCE-PERSONAL NAME [LOCAL, CANADA] |
| Linkage |
600 |
| Dates associated with a name |
1870-1924 |
| Affiliation |
Lenin, Vladimir Ilic, |
| Dates associated with a name |
1870-1924 |
| 942 ## - ADDED ENTRY ELEMENTS (KOHA) |
| Source of classification or shelving scheme |
|
| Koha item type |
Books |